[Event "Deutsche Ländermeisterschaft 2023"]
[Site "Hannover GER"]
[Date "2023.10.03"]
[Round "4"]
[White "Mukazhanov, Mansur"]
[Black "Lu, Yunong Elias"]
[Result "1-0"]
[Termination "normal"]
[Board "6.5"]
[WhiteElo "1761"]
[BlackElo "1828"]
[WhiteClock "01:31:57"]
[BlackClock "00:25:05"]
[WhiteTeam "Saarland & Friends"]
[BlackTeam "Hamburg"]
[PlyCount "119"]
[WhiteFideId "13752324"]
[BlackFideId "16276426"]
[EventCountry "GER"]
[EventRounds "7"]
[EventType "team-swiss"]
[EventDate "2023.09.30"]

1. e4 {[%clk 01:30:57]} {[%emt 00:00:03]} c6 {[%clk 01:30:51]} {[%emt
00:00:09]} 2. d4 {[%clk 01:31:17]} {[%emt 00:00:10]} d5 {[%clk 01:31:18]}
{[%emt 00:00:04]} 3. f3 {[%clk 01:31:43]} {[%emt 00:00:03]} g6 {[%clk
01:31:43]} {[%emt 00:00:05]} 4. Nc3 {[%clk 01:31:25]} {[%emt 00:00:47]} Bg7
{[%clk 01:32:08]} {[%emt 00:00:06]} 5. Be3 {[%clk 01:31:41]} {[%emt 00:00:13]}
Qb6 {[%clk 01:32:31]} {[%emt 00:00:07]} 6. Rb1 {[%clk 01:31:32]} {[%emt
00:00:40]} dxe4 {[%clk 01:31:34]} {[%emt 00:01:28]} 7. fxe4 {[%clk 01:31:45]}
{[%emt 00:00:16]} e5 {[%clk 01:31:59]} {[%emt 00:00:05]} 8. Nf3 {[%clk
01:31:59]} {[%emt 00:00:16]} exd4 {[%clk 01:32:24]} {[%emt 00:00:06]} 9. Nxd4
{[%clk 01:31:31]} {[%emt 00:00:58]} Qa5 {[%clk 01:32:28]} {[%emt 00:00:25]} 10.
Bc4 {[%clk 01:31:32]} {[%emt 00:00:29]} Nf6 {[%clk 01:32:32]} {[%emt 00:00:27]}
11. O-O {[%clk 01:31:39]} {[%emt 00:00:23]} O-O {[%clk 01:32:52]} {[%emt
00:00:10]} 12. h3 {[%clk 01:24:31]} {[%emt 00:07:38]} Nbd7 {[%clk 01:32:20]}
{[%emt 00:01:02]} 13. Nf3 {[%clk 01:16:14]} {[%emt 00:08:47]} b5 {[%clk
00:45:08]} {[%emt 00:47:41]} 14. b4 {[%clk 01:11:51]} {[%emt 00:04:53]} Qc7
{[%clk 00:45:24]} {[%emt 00:00:14]} 15. Bb3 {[%clk 01:12:14]} {[%emt 00:00:06]}
Nh5 {[%clk 00:40:47]} {[%emt 00:05:08]} 16. Ne2 {[%clk 01:12:02]} {[%emt
00:00:37]} Ng3 {[%clk 00:26:44]} {[%emt 00:14:39]} 17. Rf2 {[%clk 01:11:29]}
{[%emt 00:01:03]} Nxe2+ {[%clk 00:25:42]} {[%emt 00:01:32]} 18. Qxe2 {[%clk
01:11:41]} {[%emt 00:00:17]} c5 {[%clk 00:22:33]} {[%emt 00:03:40]} 19. bxc5
{[%clk 01:12:01]} {[%emt 00:00:10]} Nxc5 {[%clk 00:20:45]} {[%emt 00:02:18]}
20. Bd5 {[%clk 01:12:03]} {[%emt 00:00:27]} Rb8 {[%clk 00:20:47]} {[%emt
00:00:28]} 21. Rxb5 {[%clk 01:09:36]} {[%emt 00:02:58]} Ba6 {[%clk 00:18:52]}
{[%emt 00:02:26]} 22. Rxc5 {[%clk 01:09:55]} {[%emt 00:00:10]} Rb1+ {[%clk
00:19:11]} {[%emt 00:00:11]} 23. Ne1 {[%clk 01:09:39]} {[%emt 00:00:46]} Bxe2
{[%clk 00:14:29]} {[%emt 00:05:12]} 24. Rxc7 {[%clk 01:09:31]} {[%emt
00:00:38]} Rxe1+ {[%clk 00:14:46]} {[%emt 00:00:12]} 25. Kh2 {[%clk 01:09:56]}
{[%emt 00:00:05]} Bc4 {[%clk 00:13:28]} {[%emt 00:01:49]} 26. Bf4 {[%clk
01:09:59]} {[%emt 00:00:27]} Bxd5 {[%clk 00:13:12]} {[%emt 00:00:45]} 27. exd5
{[%clk 01:10:22]} {[%emt 00:00:08]} Rd8 {[%clk 00:12:48]} {[%emt 00:00:54]} 28.
c4 {[%clk 01:10:44]} {[%emt 00:00:08]} Re4 {[%clk 00:13:03]} {[%emt 00:00:14]}
29. Bg3 {[%clk 01:11:03]} {[%emt 00:00:12]} f5 {[%clk 00:10:33]} {[%emt
00:03:00]} 30. d6 {[%clk 01:09:05]} {[%emt 00:02:27]} h5 {[%clk 00:09:51]}
{[%emt 00:01:13]} 31. h4 {[%clk 01:08:56]} {[%emt 00:00:39]} g5 {[%clk
00:04:50]} {[%emt 00:05:32]} 32. Rxf5 {[%clk 01:08:17]} {[%emt 00:01:08]} gxh4
{[%clk 00:05:13]} {[%emt 00:00:07]} 33. Bf4 {[%clk 01:08:14]} {[%emt 00:00:32]}
Rxf4 {[%clk 00:05:26]} {[%emt 00:00:18]} 34. Rxg7+ {[%clk 01:08:16]} {[%emt
00:00:27]} Kxg7 {[%clk 00:05:51]} {[%emt 00:00:06]} 35. Rxf4 {[%clk 01:08:42]}
{[%emt 00:00:04]} Rxd6 {[%clk 00:05:59]} {[%emt 00:00:21]} 36. c5 {[%clk
01:06:13]} {[%emt 00:02:59]} Ra6 {[%clk 00:04:28]} {[%emt 00:02:01]} 37. Rc4
{[%clk 01:06:30]} {[%emt 00:00:13]} Rc6 {[%clk 00:04:53]} {[%emt 00:00:05]} 38.
Kh3 {[%clk 01:06:46]} {[%emt 00:00:15]} Kg6 {[%clk 00:05:00]} {[%emt 00:00:23]}
39. Kxh4 {[%clk 01:07:12]} {[%emt 00:00:04]} a5 {[%clk 00:05:09]} {[%emt
00:00:22]} 40. a4 {[%clk 01:07:36]} {[%emt 00:00:05]} Kh6 {[%clk 00:04:35]}
{[%emt 00:01:05]} 41. Kg3 {[%clk 01:05:15]} {[%emt 00:02:50]} Kg5 {[%clk
00:01:52]} {[%emt 00:03:13]} 42. Kf3 {[%clk 01:05:32]} {[%emt 00:00:13]} Kf5
{[%clk 00:02:11]} {[%emt 00:00:12]} 43. Ke3 {[%clk 01:05:47]} {[%emt 00:00:14]}
Ke5 {[%clk 00:26:03]} {[%emt 00:06:39]} 44. Rh4 {[%clk 01:36:07]} {[%emt
00:00:10]} Kd5 {[%clk 00:26:29]} {[%emt 00:00:03]} 45. Rxh5+ {[%clk 01:36:20]}
{[%emt 00:00:17]} Kc4 {[%clk 00:26:55]} {[%emt 00:00:04]} 46. g4 {[%clk
01:36:28]} {[%emt 00:00:22]} Kb4 {[%clk 00:26:53]} {[%emt 00:00:32]} 47. Kd4
{[%clk 01:36:45]} {[%emt 00:00:13]} Kxa4 {[%clk 00:27:12]} {[%emt 00:00:12]}
48. Kd5 {[%clk 01:37:13]} {[%emt 00:00:01]} Kb5 {[%clk 00:27:29]} {[%emt
00:00:14]} 49. Kd4 {[%clk 01:37:04]} {[%emt 00:00:39]} a4 {[%clk 00:27:51]}
{[%emt 00:00:07]} 50. Rh8 {[%clk 01:32:08]} {[%emt 00:05:26]} Rg6 {[%clk
00:26:45]} {[%emt 00:01:36]} 51. Rb8+ {[%clk 01:31:14]} {[%emt 00:01:24]} Ka5
{[%clk 00:27:06]} {[%emt 00:00:09]} 52. Kd5 {[%clk 01:30:45]} {[%emt 00:00:59]}
Rxg4 {[%clk 00:26:53]} {[%emt 00:00:43]} 53. c6 {[%clk 01:30:51]} {[%emt
00:00:25]} Rg7 {[%clk 00:27:11]} {[%emt 00:00:08]} 54. Rb7 {[%clk 01:30:59]}
{[%emt 00:00:25]} Rg8 {[%clk 00:27:13]} {[%emt 00:00:28]} 55. c7 {[%clk
01:30:56]} {[%emt 00:00:33]} Rc8 {[%clk 00:27:39]} {[%emt 00:00:04]} 56. Kc5
{[%clk 01:30:33]} {[%emt 00:00:53]} Ka6 {[%clk 00:26:58]} {[%emt 00:01:11]} 57.
Kc6 {[%clk 01:30:53]} {[%emt 00:00:10]} Ka5 {[%clk 00:24:17]} {[%emt 00:03:12]}
58. Rb5+ {[%clk 01:31:14]} {[%emt 00:00:08]} Ka6 {[%clk 00:24:40]} {[%emt
00:00:07]} 59. Rb8 {[%clk 01:31:38]} {[%emt 00:00:06]} Rxc7 {[%clk 00:25:05]}
{[%emt 00:00:05]} 60. Kxc7 {[%clk 01:31:57]} {[%emt 00:00:11]} 1-0

[Event "Deutsche Ländermeisterschaft 2023"]
[Site "Hannover GER"]
[Date "2023.10.03"]
[Round "4"]
[White "Wartenberg, Alissa"]
[Black "Sheng, Ming"]
[Result "1/2-1/2"]
[Termination "normal"]
[Board "6.6"]
[WhiteElo "1690"]
[BlackElo "1705"]
[WhiteClock "00:09:53"]
[BlackClock "00:08:58"]
[WhiteTeam "Hamburg"]
[BlackTeam "Saarland & Friends"]
[PlyCount "86"]
[WhiteFideId "16280741"]
[BlackFideId "34605258"]
[EventCountry "GER"]
[EventRounds "7"]
[EventType "team-swiss"]
[EventDate "2023.09.30"]

1. e4 {[%clk 01:30:58]} {[%emt 00:00:01]} c5 {[%clk 01:30:33]} {[%emt
00:00:27]} 2. Nf3 {[%clk 01:31:23]} {[%emt 00:00:05]} Nc6 {[%clk 01:30:53]}
{[%emt 00:00:10]} 3. d4 {[%clk 01:31:50]} {[%emt 00:00:03]} cxd4 {[%clk
01:31:14]} {[%emt 00:00:09]} 4. Nxd4 {[%clk 01:32:17]} {[%emt 00:00:03]} g6
{[%clk 01:31:32]} {[%emt 00:00:12]} 5. Be3 {[%clk 01:32:27]} {[%emt 00:00:20]}
Nf6 {[%clk 01:31:03]} {[%emt 00:00:59]} 6. Nc3 {[%clk 01:31:54]} {[%emt
00:01:03]} Bg7 {[%clk 01:31:24]} {[%emt 00:00:10]} 7. Be2 {[%clk 01:29:14]}
{[%emt 00:03:09]} O-O {[%clk 01:17:48]} {[%emt 00:14:06]} 8. Qd2 {[%clk
01:29:18]} {[%emt 00:00:26]} d5 {[%clk 01:16:39]} {[%emt 00:01:39]} 9. exd5
{[%clk 01:01:46]} {[%emt 00:28:02]} Nxd5 {[%clk 01:15:20]} {[%emt 00:01:48]}
10. Nxd5 {[%clk 00:57:54]} {[%emt 00:04:23]} Nxd4 {[%clk 01:08:33]} {[%emt
00:07:17]} 11. Bxd4 {[%clk 00:41:30]} {[%emt 00:16:54]} Qxd5 {[%clk 01:08:24]}
{[%emt 00:00:39]} 12. Bxg7 {[%clk 00:40:24]} {[%emt 00:01:36]} Qxd2+ {[%clk
01:06:49]} {[%emt 00:02:05]} 13. Kxd2 {[%clk 00:40:48]} {[%emt 00:00:05]} Rd8+
{[%clk 01:05:42]} {[%emt 00:01:38]} 14. Kc3 {[%clk 00:40:41]} {[%emt 00:00:37]}
Kxg7 {[%clk 01:06:01]} {[%emt 00:00:11]} 15. Bf3 {[%clk 00:40:54]} {[%emt
00:00:17]} Rd7 {[%clk 01:04:44]} {[%emt 00:01:47]} 16. b3 {[%clk 00:36:24]}
{[%emt 00:05:00]} Rc7+ {[%clk 01:01:57]} {[%emt 00:03:17]} 17. Kb2 {[%clk
00:36:06]} {[%emt 00:00:47]} Bf5 {[%clk 01:02:06]} {[%emt 00:00:22]} 18. c4
{[%clk 00:36:01]} {[%emt 00:00:34]} Rac8 {[%clk 01:00:22]} {[%emt 00:02:14]}
19. Rhe1 {[%clk 00:30:59]} {[%emt 00:05:33]} a6 {[%clk 00:58:30]} {[%emt
00:02:22]} 20. Be4 {[%clk 00:28:12]} {[%emt 00:03:17]} Bxe4 {[%clk 00:52:47]}
{[%emt 00:06:13]} 21. Rxe4 {[%clk 00:28:36]} {[%emt 00:00:06]} Rd7 {[%clk
00:46:27]} {[%emt 00:06:50]} 22. Kc3 {[%clk 00:25:37]} {[%emt 00:03:29]} b5
{[%clk 00:43:27]} {[%emt 00:03:30]} 23. Rd4 {[%clk 00:24:43]} {[%emt 00:01:23]}
Rdc7 {[%clk 00:43:07]} {[%emt 00:00:51]} 24. Re1 {[%clk 00:21:56]} {[%emt
00:03:17]} e6 {[%clk 00:39:00]} {[%emt 00:04:37]} 25. Re5 {[%clk 00:20:17]}
{[%emt 00:02:09]} Kf6 {[%clk 00:37:01]} {[%emt 00:02:28]} 26. f4 {[%clk
00:19:26]} {[%emt 00:01:21]} Ke7 {[%clk 00:33:37]} {[%emt 00:03:54]} 27. Rde4
{[%clk 00:16:00]} {[%emt 00:03:56]} Rc6 {[%clk 00:32:52]} {[%emt 00:01:16]} 28.
f5 {[%clk 00:14:01]} {[%emt 00:02:29]} gxf5 {[%clk 00:31:40]} {[%emt 00:01:42]}
29. Rxf5 {[%clk 00:13:46]} {[%emt 00:00:45]} bxc4 {[%clk 00:31:43]} {[%emt
00:00:28]} 30. bxc4 {[%clk 00:13:57]} {[%emt 00:00:19]} Rxc4+ {[%clk 00:30:17]}
{[%emt 00:01:56]} 31. Rxc4 {[%clk 00:14:22]} {[%emt 00:00:05]} Rxc4+ {[%clk
00:30:39]} {[%emt 00:00:08]} 32. Kxc4 {[%clk 00:14:49]} {[%emt 00:00:04]} exf5
{[%clk 00:30:32]} {[%emt 00:00:36]} 33. Kc5 {[%clk 00:14:41]} {[%emt 00:00:38]}
Ke6 {[%clk 00:13:50]} {[%emt 00:17:11]} 34. a4 {[%clk 00:10:50]} {[%emt
00:04:23]} f4 {[%clk 00:10:20]} {[%emt 00:04:01]} 35. a5 {[%clk 00:09:57]}
{[%emt 00:01:23]} Ke5 {[%clk 00:10:04]} {[%emt 00:00:44]} 36. Kb6 {[%clk
00:10:20]} {[%emt 00:00:07]} Kd6 {[%clk 00:09:56]} {[%emt 00:00:38]} 37. Kb7
{[%clk 00:09:21]} {[%emt 00:01:30]} Kc5 {[%clk 00:08:25]} {[%emt 00:02:00]} 38.
Kxa6 {[%clk 00:09:47]} {[%emt 00:00:05]} Kc6 {[%clk 00:08:49]} {[%emt
00:00:07]} 39. Ka7 {[%clk 00:10:05]} {[%emt 00:00:12]} Kc7 {[%clk 00:09:10]}
{[%emt 00:00:08]} 40. h3 {[%clk 00:09:40]} {[%emt 00:00:55]} h6 {[%clk
00:08:12]} {[%emt 00:01:28]} 41. h4 {[%clk 00:09:40]} {[%emt 00:00:30]} h5
{[%clk 00:08:35]} {[%emt 00:00:06]} 42. Ka6 {[%clk 00:09:39]} {[%emt 00:00:33]}
Kc6 {[%clk 00:08:40]} {[%emt 00:00:24]} 43. Ka7 {[%clk 00:09:53]} {[%emt
00:00:16]} Kc7 {[%clk 00:08:58]} {[%emt 00:00:11]} 1/2-1/2

[Event "Deutsche Ländermeisterschaft 2023"]
[Site "Hannover GER"]
[Date "2023.10.03"]
[Round "4"]
[White "Färber, Anna"]
[Black "Grebita, Magnus"]
[Result "0-1"]
[Termination "normal"]
[Board "6.7"]
[WhiteElo "1309"]
[BlackElo "1540"]
[WhiteClock "00:23:44"]
[BlackClock "00:39:07"]
[WhiteTeam "Saarland & Friends"]
[BlackTeam "Hamburg"]
[PlyCount "102"]
[WhiteFideId "34633480"]
[BlackFideId "34608958"]
[EventCountry "GER"]
[EventRounds "7"]
[EventType "team-swiss"]
[EventDate "2023.09.30"]

1. e4 {[%clk 01:30:54]} {[%emt 00:00:05]} e5 {[%clk 01:30:50]} {[%emt
00:00:10]} 2. Nf3 {[%clk 01:31:21]} {[%emt 00:00:04]} Nc6 {[%clk 01:31:11]}
{[%emt 00:00:08]} 3. Bc4 {[%clk 01:31:49]} {[%emt 00:00:04]} Nf6 {[%clk
01:31:32]} {[%emt 00:00:08]} 4. d4 {[%clk 01:32:14]} {[%emt 00:00:05]} exd4
{[%clk 01:31:46]} {[%emt 00:00:15]} 5. e5 {[%clk 01:32:39]} {[%emt 00:00:06]}
d5 {[%clk 01:31:53]} {[%emt 00:00:22]} 6. Bb5 {[%clk 01:33:05]} {[%emt
00:00:04]} Nd7 {[%clk 01:30:55]} {[%emt 00:01:26]} 7. O-O {[%clk 01:32:05]}
{[%emt 00:01:32]} Be7 {[%clk 01:28:49]} {[%emt 00:02:36]} 8. Bxc6 {[%clk
01:32:22]} {[%emt 00:00:14]} bxc6 {[%clk 01:28:49]} {[%emt 00:00:30]} 9. Nxd4
{[%clk 01:32:47]} {[%emt 00:00:06]} Nxe5 {[%clk 01:22:44]} {[%emt 00:06:33]}
10. Re1 {[%clk 01:24:23]} {[%emt 00:08:55]} c5 {[%clk 01:22:53]} {[%emt
00:00:19]} 11. Rxe5 {[%clk 01:18:34]} {[%emt 00:06:21]} cxd4 {[%clk 01:22:11]}
{[%emt 00:01:12]} 12. Qxd4 {[%clk 01:10:01]} {[%emt 00:09:02]} Be6 {[%clk
01:19:39]} {[%emt 00:03:02]} 13. Re3 {[%clk 01:06:50]} {[%emt 00:03:39]} Bf6
{[%clk 01:14:23]} {[%emt 00:05:48]} 14. Qd1 {[%clk 01:03:53]} {[%emt 00:03:28]}
O-O {[%clk 01:13:40]} {[%emt 00:01:13]} 15. c3 {[%clk 01:00:55]} {[%emt
00:03:28]} Rb8 {[%clk 01:11:36]} {[%emt 00:02:31]} 16. Nd2 {[%clk 00:59:27]}
{[%emt 00:01:59]} d4 {[%clk 01:06:24]} {[%emt 00:05:44]} 17. cxd4 {[%clk
00:52:54]} {[%emt 00:07:03]} Bxd4 {[%clk 01:06:26]} {[%emt 00:00:28]} 18. Re1
{[%clk 00:51:32]} {[%emt 00:01:51]} Qf6 {[%clk 01:06:11]} {[%emt 00:00:43]} 19.
Nf3 {[%clk 00:50:02]} {[%emt 00:02:02]} Bxb2 {[%clk 01:05:46]} {[%emt
00:00:55]} 20. Bxb2 {[%clk 00:49:00]} {[%emt 00:01:33]} Rxb2 {[%clk 01:05:03]}
{[%emt 00:01:13]} 21. a4 {[%clk 00:47:33]} {[%emt 00:01:57]} Bg4 {[%clk
00:59:53]} {[%emt 00:05:39]} 22. Re3 {[%clk 00:45:34]} {[%emt 00:02:29]} Rd8
{[%clk 00:53:32]} {[%emt 00:06:52]} 23. Qe1 {[%clk 00:42:17]} {[%emt 00:03:44]}
h6 {[%clk 00:52:29]} {[%emt 00:01:36]} 24. Rc1 {[%clk 00:39:34]} {[%emt
00:03:12]} Bxf3 {[%clk 00:50:02]} {[%emt 00:02:59]} 25. Rxf3 {[%clk 00:39:21]}
{[%emt 00:00:43]} Qd6 {[%clk 00:49:14]} {[%emt 00:01:16]} 26. Rfc3 {[%clk
00:35:47]} {[%emt 00:04:05]} Rd2 {[%clk 00:47:11]} {[%emt 00:02:33]} 27. Rxc7
{[%clk 00:34:30]} {[%emt 00:01:48]} Rd1 {[%clk 00:47:03]} {[%emt 00:00:37]} 28.
Rxd1 {[%clk 00:34:54]} {[%emt 00:00:06]} Qxd1 {[%clk 00:47:30]} {[%emt
00:00:04]} 29. Rc1 {[%clk 00:35:04]} {[%emt 00:00:20]} Qxa4 {[%clk 00:47:40]}
{[%emt 00:00:19]} 30. Ra1 {[%clk 00:34:26]} {[%emt 00:01:09]} Qd7 {[%clk
00:47:12]} {[%emt 00:00:58]} 31. h3 {[%clk 00:33:14]} {[%emt 00:01:43]} Qd4
{[%clk 00:45:17]} {[%emt 00:02:25]} 32. Qa5 {[%clk 00:31:01]} {[%emt 00:02:44]}
Rd7 {[%clk 00:44:07]} {[%emt 00:01:40]} 33. Qa6 {[%clk 00:30:03]} {[%emt
00:01:24]} g6 {[%clk 00:40:59]} {[%emt 00:03:43]} 34. Rb1 {[%clk 00:27:55]}
{[%emt 00:02:33]} Kg7 {[%clk 00:40:12]} {[%emt 00:01:22]} 35. Qc8 {[%clk
00:21:22]} {[%emt 00:07:02]} Qe4 {[%clk 00:38:07]} {[%emt 00:02:33]} 36. Qc3+
{[%clk 00:20:23]} {[%emt 00:01:30]} Qd4 {[%clk 00:37:08]} {[%emt 00:01:30]} 37.
Qc8 {[%clk 00:20:32]} {[%emt 00:00:20]} Rd8 {[%clk 00:36:35]} {[%emt 00:01:03]}
38. Qc7 {[%clk 00:19:29]} {[%emt 00:01:34]} a6 {[%clk 00:32:15]} {[%emt
00:04:49]} 39. Qa5 {[%clk 00:16:52]} {[%emt 00:03:09]} Rd6 {[%clk 00:30:28]}
{[%emt 00:02:17]} 40. Ra1 {[%clk 00:13:30]} {[%emt 00:03:52]} Rf6 {[%clk
00:28:54]} {[%emt 00:02:03]} 41. Ra2 {[%clk 00:11:45]} {[%emt 00:02:14]} Qc4
{[%clk 00:26:02]} {[%emt 00:03:21]} 42. Qa3 {[%clk 00:09:46]} {[%emt 00:02:30]}
h5 {[%clk 00:23:21]} {[%emt 00:03:12]} 43. Qb2 {[%emt 00:03:45]} Qb5 {[%clk
00:19:36]} {[%emt 00:04:10]} 44. Qa1 {[%clk 00:04:50]} {[%emt 00:02:12]} Qb6
{[%clk 00:19:09]} {[%emt 00:01:01]} 45. Qe1 {[%clk 00:04:20]} {[%emt 00:00:56]}
g5 {[%clk 00:16:57]} {[%emt 00:02:47]} 46. Qd2 {[%clk 00:01:54]} {[%emt
00:02:55]} g4 {[%clk 00:15:36]} {[%emt 00:01:51]} 47. Rb2 {[%clk 00:26:24]}
{[%emt 00:06:01]} Qc5 {[%clk 00:41:46]} {[%emt 00:04:18]} 48. Rc2 {[%clk
00:26:20]} {[%emt 00:00:35]} Qe5 {[%clk 00:39:23]} {[%emt 00:02:53]} 49. Ra2
{[%clk 00:23:35]} {[%emt 00:03:15]} gxh3 {[%clk 00:38:36]} {[%emt 00:01:17]}
50. gxh3 {[%clk 00:23:56]} {[%emt 00:00:09]} Rg6+ {[%clk 00:38:51]} {[%emt
00:00:15]} 51. Kf1 {[%clk 00:23:44]} {[%emt 00:00:41]} Qb5+ {[%clk 00:39:07]}
{[%emt 00:00:15]} 0-1

[Event "Deutsche Ländermeisterschaft 2023"]
[Site "Hannover GER"]
[Date "2023.10.03"]
[Round "4"]
[White "Fettan, Nua"]
[Black "Frydel, Helena"]
[Result "1-0"]
[Termination "normal"]
[Board "6.8"]
[WhiteElo "1248"]
[BlackElo "1159"]
[WhiteClock "00:10:16"]
[BlackClock "00:00:54"]
[WhiteTeam "Hamburg"]
[BlackTeam "Saarland & Friends"]
[PlyCount "91"]
[WhiteFideId "34637362"]
[BlackFideId "16266536"]
[EventCountry "GER"]
[EventRounds "7"]
[EventType "team-swiss"]
[EventDate "2023.09.30"]

1. e4 {[%clk 01:30:59]} e5 {[%clk 01:30:53]} {[%emt 00:00:08]} 2. Nf3 {[%clk
01:31:18]} {[%emt 00:00:11]} Nf6 {[%clk 01:31:18]} {[%emt 00:00:05]} 3. Nc3
{[%clk 01:31:42]} {[%emt 00:00:05]} Bb4 {[%clk 01:31:38]} {[%emt 00:00:11]} 4.
Nxe5 {[%clk 01:31:44]} {[%emt 00:00:27]} d6 {[%clk 01:31:54]} {[%emt 00:00:14]}
5. Nd3 {[%clk 01:31:33]} {[%emt 00:00:40]} Bxc3 {[%clk 01:32:15]} {[%emt
00:00:09]} 6. dxc3 {[%clk 01:31:52]} {[%emt 00:00:11]} Nxe4 {[%clk 01:31:57]}
{[%emt 00:00:48]} 7. Be2 {[%clk 01:32:12]} {[%emt 00:00:11]} O-O {[%clk
01:30:39]} {[%emt 00:01:47]} 8. O-O {[%clk 01:32:05]} {[%emt 00:00:37]} Nc6
{[%clk 01:26:26]} {[%emt 00:04:44]} 9. f3 {[%clk 01:32:23]} {[%emt 00:00:11]}
Nf6 {[%clk 01:24:59]} {[%emt 00:01:58]} 10. Be3 {[%clk 01:31:58]} {[%emt
00:00:54]} Re8 {[%clk 01:19:41]} {[%emt 00:05:48]} 11. Qd2 {[%clk 01:30:01]}
{[%emt 00:02:27]} Qe7 {[%clk 01:17:21]} {[%emt 00:02:49]} 12. Kf2 {[%clk
01:19:00]} {[%emt 00:11:31]} Bg4 {[%clk 01:09:56]} {[%emt 00:07:55]} 13. Bg5
{[%clk 01:14:41]} {[%emt 00:04:42]} Bf5 {[%clk 01:03:24]} {[%emt 00:07:08]} 14.
Rfe1 {[%clk 01:08:28]} {[%emt 00:06:44]} d5 {[%clk 00:50:36]} {[%emt 00:13:18]}
15. Bf1 {[%clk 01:03:08]} {[%emt 00:05:50]} Be6 {[%clk 00:46:58]} {[%emt
00:04:08]} 16. Qf4 {[%clk 00:53:01]} {[%emt 00:10:37]} Nh5 {[%clk 00:35:25]}
{[%emt 00:12:03]} 17. Qh4 {[%clk 00:51:08]} {[%emt 00:02:22]} f6 {[%clk
00:33:40]} {[%emt 00:02:17]} 18. Bd2 {[%clk 00:45:01]} {[%emt 00:06:36]} g6
{[%clk 00:30:43]} {[%emt 00:03:26]} 19. g4 {[%clk 00:39:44]} {[%emt 00:05:48]}
Ng7 {[%clk 00:29:40]} {[%emt 00:01:34]} 20. Qg3 {[%clk 00:35:43]} {[%emt
00:04:26]} Rad8 {[%clk 00:18:10]} {[%emt 00:12:04]} 21. h4 {[%clk 00:28:25]}
{[%emt 00:07:48]} d4 {[%clk 00:17:37]} {[%emt 00:01:03]} 22. c4 {[%clk
00:28:19]} {[%emt 00:00:36]} Qf7 {[%clk 00:17:23]} {[%emt 00:00:44]} 23. b3
{[%clk 00:24:51]} {[%emt 00:03:58]} a6 {[%clk 00:17:21]} {[%emt 00:00:32]} 24.
Nc5 {[%clk 00:23:28]} {[%emt 00:01:53]} b5 {[%clk 00:16:45]} {[%emt 00:01:06]}
25. Nxe6 {[%clk 00:23:24]} {[%emt 00:00:34]} Rxe6 {[%clk 00:16:35]} {[%emt
00:00:40]} 26. cxb5 {[%clk 00:22:31]} {[%emt 00:01:23]} axb5 {[%clk 00:15:49]}
{[%emt 00:01:16]} 27. Bxb5 {[%clk 00:21:04]} {[%emt 00:01:57]} Rde8 {[%clk
00:10:09]} {[%emt 00:06:11]} 28. Bc4 {[%clk 00:19:01]} {[%emt 00:02:33]} Qd7
{[%clk 00:08:45]} {[%emt 00:01:53]} 29. Bxe6+ {[%clk 00:19:08]} {[%emt
00:00:22]} Nxe6 {[%clk 00:08:57]} {[%emt 00:00:20]} 30. Rad1 {[%clk 00:17:41]}
{[%emt 00:01:57]} Kf7 {[%clk 00:05:31]} {[%emt 00:03:56]} 31. f4 {[%clk
00:16:47]} {[%emt 00:01:23]} Ra8 {[%clk 00:04:10]} {[%emt 00:01:50]} 32. a4
{[%clk 00:16:44]} {[%emt 00:00:34]} Nc5 {[%clk 00:04:03]} {[%emt 00:00:37]} 33.
Bc1 {[%clk 00:14:48]} {[%emt 00:02:26]} f5 {[%clk 00:04:01]} {[%emt 00:00:33]}
34. Kg1 {[%clk 00:10:17]} {[%emt 00:04:59]} Ne4 {[%clk 00:03:26]} {[%emt
00:01:06]} 35. Qd3 {[%clk 00:09:50]} {[%emt 00:00:56]} Nc3 {[%clk 00:02:23]}
{[%emt 00:01:34]} 36. Qc4+ {[%clk 00:10:05]} {[%emt 00:00:15]} Kf8 {[%clk
00:02:18]} {[%emt 00:00:35]} 37. Qc5+ {[%clk 00:10:19]} {[%emt 00:00:16]} Kg8
{[%clk 00:02:28]} {[%emt 00:00:21]} 38. Qxc3 {[%clk 00:09:36]} {[%emt
00:01:12]} dxc3 {[%clk 00:02:30]} {[%emt 00:00:28]} 39. Rxd7 {[%clk 00:09:57]}
{[%emt 00:00:09]} Rc8 {[%clk 00:01:52]} {[%emt 00:01:08]} 40. gxf5 {[%clk
00:10:12]} {[%emt 00:00:15]} gxf5 {[%clk 00:01:55]} {[%emt 00:00:26]} 41. Kf2
{[%clk 00:10:00]} {[%emt 00:00:41]} h5 {[%clk 00:00:49]} {[%emt 00:01:36]} 42.
Rg1+ {[%clk 00:09:30]} {[%emt 00:01:01]} Kf8 {[%clk 00:00:57]} {[%emt
00:00:22]} 43. Ba3+ {[%clk 00:09:53]} {[%emt 00:00:07]} Ke8 {[%clk 00:01:00]}
{[%emt 00:00:28]} 44. Rh7 {[%clk 00:10:11]} {[%emt 00:00:12]} Ne7 {[%clk
00:00:39]} {[%emt 00:00:51]} 45. Rxe7+ {[%clk 00:10:16]} {[%emt 00:00:24]} Kd8
{[%clk 00:00:54]} {[%emt 00:00:13]} 46. Rg8# {[%emt 00:00:11]} 1-0